| 000 | 00458nam a22001697a 4500 | ||
|---|---|---|---|
| 003 | OSt | ||
| 008 | 250227b |||||||| |||| 00| 0 eng d | ||
| 020 | _a9789348140715 | ||
| 100 | _aANKITA | ||
| 245 | _aCognitive IOT Deep Learning and Cloud- Enabled Intelligent Systems | ||
| 260 |
_aNew Delhi _bNaples Indian _c2024. |
||
| 300 | _a390.p. | ||
| 650 | _aFaculty Publication | ||
| 700 | _aMonika | ||
| 700 | _aGurpreet Singh Bhamra | ||
| 942 |
_2ddc _cBK |
||
| 999 |
_c13164 _d13164 |
||